| 000 | 00465nam a2200181Ia 4500 | ||
|---|---|---|---|
| 003 | GCL | ||
| 008 | 140319s9999 xx 000 0 ara d | ||
| 040 |
_aGCL / _cGCL |
||
| 082 | 0 | 4 |
_a817 _bم ا |
| 100 | 1 | _aمحمد عفيفى | |
| 245 | 1 | 0 |
_aابتسم للدنيا / _cمحمد عفيفى |
| 300 | _a156 ص | ||
| 490 |
_aكتاب اليوم _v0 |
||
| 650 | 0 | 4 | _aالادب العربى |
| 650 | 0 | 4 | _aالادب |
| 650 | 0 | 4 | _aالفكاهات |
| 942 |
_2ddc _cBK |
||
| 999 |
_c40844 _d40844 |
||